Polska "kultura" internetowa czyli memy, virale i takie tam - Statystyki

Ogólne statystyki
  • Ten quiz został rozwiązany 116 razy
  • Średni wynik to 13 z 25
Statystyki odpowiedzi
Lp. Pytanie Odpowiedź % Poprawnych
8 Według "memów" jak ma na imię typowy mieszkaniec naszego kraju przejawiający stereotypowe negatywne cechy Polaków? Janusz
88%
13 Które śląskie miasto jest obiektem wielu internetowych żartów? Sosnowiec
77%
9 Jaki tytuł miał nadawany w telewizji Polsat program typu "paradokument" z którego pochodzi "mięsny jeż" i historia o pomyleniu sedesu z bidetem? Pamiętniki z wakacji
74%
6 Z którego programu rozrywkowego nadawanego w Telewizji Polskiej pochodzi tzw. "ŻŻP" -Żenujący Żart Prowadzącego? Familiada
73%
21 Który polski aktor i prezenter telewizyjny był bohaterem memów o byciu wiecznie młodym? Krzysztof Ibisz
73%
2 O którym amerykańskim aktorze powstały setki "faktów" typu "potrafi klaskać jedną dłonią"? Chuck Norris
69%
22 Jaką nazwę nosił stworzony przez Łukasza Foltyna, niegdyś najpopularniejszy (istniejący do dziś) w Polsce komunikator internetowy? Gadu-Gadu
69%
19 Który polski serwis społecznościowy w założeniach miał pomóc starszym pokoleniom odnaleźć znajomości ze szkolnych czasów? Nasza Klasa
69%
5 Od czego miał być rzekomy kabel po którym wspinał się "hardcore" z popularnego filmiku na Youtube z 2009 roku? Internet
68%
11 Która postać z serialu "M jak miłość" dokonała żywotu w widowiskowym uderzeniu samochodu w kartony? Hanna Mostowiak
65%
7 Jak nazywał się kandydat ubiegający się na prezydenta Białegostoku w 2006 roku, słynący z hasła "Nie będzie niczego" i charakterystycznych swetrów? Krzysztof Kononowicz
64%
16 Jedzeniem jakiej potrawy pochwalił się "Krzysiowi", bohater YouTube'owego filmu (Pablo) z 2011 roku? Zupa
58%
4 Jakiej rasy był pies z memu "Doge" (Pieseł)? Shiba-Inu
55%
20 W jaką grę w sylwestra 2011 roku, miał grać mieszkaniec Gliwic, spytany przez reportera "co będzie robić w sylwestra"? Tomb Raider
53%
1 Na filmie zamieszczonym w 2010 na YouTube jaką część wozu opancerzonego zniszczył chorąży doprowadzając "Andrzeja" do złości? Błotnik
50%
23 Jakim zwierzęciem był zwierzak z memu "Co ja pacze?" Kot
47%
17 Który z polskich dziennikarzy zasłynął narzekaniem na powiedzmy cenzuralnie "brudny stół"? Kamil Durczok
42%
14 Co według nagłówka "Super Expressu" musiał trzymać pan Andrzej po nocach pozbawiając go tym samym snu? Kredens
40%
12 Jak nazywał się kapitan gwiezdnej floty z internetowego serialu animowanego, nadawanego również na 4Fun TV, słynącego z raczej mało cenzuralnego języka? Tytus Bomba
37%
3 W jakim języku zapisywano "lubię to" na jednym z tzw. "rage comics"? Hiszpański
35%
10 W którym polskim mieście działa się akcja filmiku z 2010 roku gdzie padło sformułowanie "Ale urwał!", które przeszło do mowy potocznej? Szczecin
35%
18 Bohater której polskiej telenoweli w 2006 zasłynął potajemnym wypiciem piwa w wannie i cytatu "Co się stało?" Klan
31%
24 Który polski kabaret zasłynął cytatami takimi jak "kopytko" czy "na pralkę sobie przyklej" z serii reklam sieci Plus? Mumio
12%
15 Nagranie którego polskiego aktora czytającego "Baśń o trzech braciach i królewnie" było powszechnie rozprzestrzeniane w latach "zerowych"? Daniel Olbrychski
5%
25 Jaką nazwę nosiło mające być rzekomo "elitarne" polskie forum internetowe na którym rejestracja była możliwa tylko po otrzymaniu zaproszenia, przez jednego z użytkowników? Grono
4%
Nie znaleziono quizów pasujących do podanych kryteriów
Rozkład punktacji
Procent ludzi z każdym wynikiem
Percentyl według liczby udzielonych odpowiedzi
Twoja historia wyników
Nie rozwiązałeś tego quizu